000 01228nam a2200205Ia 4500
003 Ost
005 20260507075021.0
008 260507s9999||||xx |||||||||||||| ||und||
040 _cfsecg
041 _aara
082 _a350
100 _aمحمد ، موفق حديد
_eمؤلف
245 0 _aالادارة :
_bالمبادئ -النظريات-والوظائف /
_c موفق حديد محمد
260 _aعمان:
_bدار الحامد للنشر و التوزيع,
_c2001
300 _a301 صفحة؛
_bإيضاحات ؛
_c24 سم
504 _aمراجع ص.293
520 _aمفهوم المنظمة الادارية و نشاطات المدير و المهارات الادارية و نظريات الادارة و التطور التاريخي للادارة و البيئة الادارية كما تم تناول أنواع و خطوات و أدوات التخطيط و كذا التنظيم بالتطرق الى تصميم الهيكل التنظيمي و التقسيمات الادارية و كذا القيادة و الدافعية و نظم و المكافآت و الرقابة و صنع القرار الذي يعتبر جور عمل المدير.
653 _aالادارة
942 _cكتاب
999 _c42272
_d42272